000 00781nam a2200205 4500
003 CO-ViMGA
020 _a9789587203622
040 _aCO-ViMGA
_bspa
_cCO-ViMGA
082 0 4 _aCo866
_bA17c
100 1 _aArango Arias, Gonzalo,
_d1931-1976
_98690
245 1 0 _aCartas a Julieta (1950) /
_cGonzalo Arango.
260 _aMedellín :
_bFondo Editorial Universidad EAFIT,
_c2016.
300 _a180 páginas :
_bFotografías ;16 cm.
490 _aPlan Nacional de Lectura y Escritura Leer es mi Cuento / Ministerio de Cultura
650 1 4 _aArango Arias, Gonzalo, 1931-1976
_xAutobiografías
_98692
650 1 4 _aArango Arias, Gonzalo, 1931-1976
_xCorrespondencia, memorias, etc
_98691
650 1 4 _aCartas Colombianas
_ySiglo XX
_98693
650 1 4 _aCartas de amor
_98694
942 _2ddc
_cBK
999 _c7615
_d7615